Lecciones de seducción: una reflexión profunda desde nuestro lado más íntimo

Uloženo v:
Podrobná bibliografie
Hlavní autor: Sordo, Pilar (Autor)
Médium: Kniha
Jazyk:španělština
Vydáno: Santiago Planeta 2012
Vydání:1a. ed
Témata:
Tagy: Přidat tag
Žádné tagy, Buďte první, kdo vytvoří štítek k tomuto záznamu!

MARC

LEADER 00000cam a2200000 a 4500
001 UCF0134
003 CL-VaPUC
008 120427e20120200CL |||||||||||||||||spa|d
020 |a 9789562475983 
082 0 4 |a 155.333  |b SOR  |2 21 
100 0 |a Sordo, Pilar  |e author  |9 561979 
245 1 0 |a Lecciones de seducción: una reflexión profunda desde nuestro lado más íntimo 
250 |a 1a. ed 
300 |a 186 p 
942 |c BK 
945 |d 20120427 00:00:00  |a dcastane 
260 |a Santiago  |b Planeta  |c 2012 
650 0 |a Sexualidad  |9 358183 
650 7 |a SEDUCCION  |2 CL-VaPUC  |9 561980 
650 0 |a Feminismo  |9 259085 
650 7 |a PSICOLOGIA DE LA MUJER  |2 CL-VaPUC  |9 315162 
583 |a last modification  |c 20130106 10:29:22  |k Rodrigo Vera 
999 |c 347615  |d 347613 
952 |0 0  |1 0  |4 0  |6 155_333000000000000_SOR_2012  |7 0  |8 A  |9 449072  |a BIBING  |b BIBING  |d 2019-11-22  |i 4860241  |o 155.333 SOR 2012  |p 4860241  |r 2023-03-02  |w 2019-11-22  |y BK  |k CUI